| 000 | 00571nam a22001937a 4500 | ||
|---|---|---|---|
| 005 | 20150907124406.0 | ||
| 010 | _aENG-113549 | ||
| 020 |
_c350.00 _a9789350097717 |
||
| 035 | _aEN- 97081 | ||
| 037 | _bDBAD/PUB | ||
| 082 | _aN | ||
| 100 | _aSamim Ahmed | ||
| 245 |
_aSeven heavens / _cby Samim Ahmed ; translated by Arunava Sinha |
||
| 260 |
_aGurgaon _bHachette Book Publishing _c2015 |
||
| 270 |
_a4th & 5th Floors, Corporate Center, Plot No. 94, Sector 44 _bGurgaon _e122003 |
||
| 300 |
_a183p. _c21cm(pbk) |
||
| 700 | _aSinha, Arunava | ||
| 942 |
_2ddc _cEN _mSAM _hN |
||
| 999 |
_c95080 _d95080 |
||